Le tre candele /

Uloženo v:
Podrobná bibliografie
Hlavní autor: Bradley, Marion Zimmer (Autor)
Médium: Kniha
Jazyk:italština
Vydáno: Milano : Nord, [2003]
Edice:Fantacollana ; 193
Tagy: Přidat tag
Žádné tagy, Buďte první, kdo vytvoří štítek k tomuto záznamu!

MARC

LEADER 00000nam a22000007i 4500
001 IT\ICCU\RAV\1169543
003 ItRI
005 20260115231911.0
008 031119s2003 it |||||| ||||| |||||c
020 |a 8842912824 
040 |b ita  |c importazione bologna sebina 
041 7 |a ita  |2 ISO-639-2 
082 |a 813.5  |9 NARRATIVA AMERICANA IN LINGUA INGLESE, 1900-1999  |2 21 
100 1 |a Bradley, Marion Zimmer  |0 IT\ICCU\CFIV\039273  |4 aut 
240 1 4 |a The gratitude of kings.  |3 IT\ICCU\RAV\1169547  |9 Bradley, Marion Zimmer 
245 1 3 |a Le tre candele /  |c Marion Zimmer Bradley. 
260 |a Milano :  |b Nord,  |c [2003] 
300 |a 118 p. ;  |c 16x16 cm 
500 |a Trad. di Elsa Pelitti. 
790 1 |a Bradley, M. Zimmer  |3 IT\ICCU\CFIV\372184  |z Bradley, Marion Zimmer 
790 1 |a Zimmer Bradley, Marion  |3 IT\ICCU\CFIV\085142  |z Bradley, Marion Zimmer 
830 0 |a Fantacollana ;  |v 193  |0 IT\ICCU\CFI\0003102 
942 |2 ddc  |c BK  |n 0 
952 |0 0  |1 0  |4 0  |6 DOC_813_500000000000000_ZIM  |7 0  |9 15849  |a BO  |b BO  |d 2026-01-15  |i 19955  |l 0  |o DOC 813.5 ZIM  |p BO19955  |r 2026-01-15 23:19:11  |w 2026-01-15  |x [Sebina 5] [1 v.]  |y BK  |z 1 v. 
999 |c 13626  |d 13626